[Event "Kleve- Borbeck"]
[Site "?"]
[Date "2023.04.23"]
[Round "7.8"]
[White "Auwens, Michel"]
[Black "Klasmeier, Hartmut"]
[Result "1/2-1/2"]
[WhiteElo "1849"]
[BlackElo "2009"]
[PlyCount "44"]
[SourceVersionDate "2023.06.22"]

1. e4 e6 2. d3 d5 3. Nd2 Nf6 4. Ngf3 Nc6 5. g3 dxe4 6. dxe4 Bc5 7. Bg2 O-O 8.
O-O e5 9. c3 a5 10. Qc2 Qe7 11. Nc4 Ng4 12. h3 b5 13. Na3 b4 14. Nc4 Ba6 15. b3
Nf6 16. Bb2 Nd7 17. Rfe1 f6 18. Rad1 Bxc4 19. bxc4 Nb6 20. Bf1 Rfd8 21. Rxd8+
Rxd8 22. Kg2 g6 1/2-1/2

[Event "Rheinhausen- Langenfeld 2"]
[Site "?"]
[Date "2023.04.23"]
[Round "7.1"]
[White "Keller, Karsten"]
[Black "Heinert, Eugen"]
[Result "1-0"]
[WhiteElo "2202"]
[BlackElo "2162"]
[PlyCount "67"]
[SourceVersionDate "2023.06.22"]

1. Nf3 d5 2. d4 Nf6 3. c4 c6 4. Nc3 a6 5. e3 b5 6. b3 Bg4 7. h3 Bxf3 8. Qxf3
Nbd7 9. cxd5 cxd5 10. Nxd5 Nxd5 11. Qxd5 e6 12. Qe4 Bb4+ 13. Bd2 Bxd2+ 14. Kxd2
Qa5+ 15. Kd1 O-O 16. Bd3 Nf6 17. Qh4 Qc3 18. Ke2 Qb2+ 19. Kf3 e5 20. Rhd1 Rfe8
21. dxe5 Qxe5 22. Rac1 h6 23. g3 Qd5+ 24. Ke2 Qb7 25. Kf1 Rac8 26. Rxc8 Rxc8
27. Qf4 Qh1+ 28. Ke2 Qxh3 29. Bf5 Qh5+ 30. g4 Nxg4 31. Qxg4 Rc2+ 32. Rd2 Rxd2+
33. Kxd2 Qh2 34. Qg3 1-0

[Event "Rheinhausen- Langenfeld 2"]
[Site "?"]
[Date "2023.04.23"]
[Round "7.2"]
[White "Liedmann, Dennis"]
[Black "Schipp, Cyrill"]
[Result "0-1"]
[WhiteElo "2026"]
[BlackElo "2023"]
[PlyCount "58"]
[SourceVersionDate "2023.06.22"]

1. d4 d5 2. Nf3 Nf6 3. e3 e6 4. Bd3 Be7 5. Ne5 c5 6. c3 Nc6 7. f4 Qc7 8. Nd2 b6
9. O-O Bb7 10. Qf3 Bd6 11. g4 h6 12. b3 O-O-O 13. a4 Rdg8 14. Nxc6 Bxc6 15. Qe2
g5 16. fxg5 Nxg4 17. h3 hxg5 18. Qxg4 f5 19. Rxf5 exf5 20. Bxf5+ Bd7 21. Nf3
Bxf5 22. Qxf5+ Qd7 23. Qxd7+ Kxd7 24. dxc5 bxc5 25. Kg2 g4 26. hxg4 Rxg4+ 27.
Kf2 Rf8 28. Ba3 Rg3 29. Rh1 Rfxf3+ 0-1

[Event "Rheinhausen- Langenfeld 2"]
[Site "?"]
[Date "2023.04.23"]
[Round "7.3"]
[White "Brochhagen, Thomas"]
[Black "Heinert, Alex"]
[Result "0-1"]
[WhiteElo "2009"]
[BlackElo "2111"]
[PlyCount "78"]
[SourceVersionDate "2023.06.22"]

1. d4 d5 2. Nf3 Nf6 3. e3 c5 4. dxc5 e6 5. b4 a5 6. c3 axb4 7. cxb4 b6 8. Bb5+
Bd7 9. Bxd7+ Nfxd7 10. a4 bxc5 11. b5 Be7 12. Bb2 Bf6 13. Bxf6 Nxf6 14. Nbd2
Nbd7 15. O-O O-O 16. Qc2 Qb6 17. Ra2 Ra7 18. Rfa1 Rfa8 19. h3 h6 20. Nb1 Ne4
21. Nfd2 f5 22. Nxe4 fxe4 23. Qb2 c4 24. Qd4 Nc5 25. Nc3 Qd6 26. Rd1 Qc7 27.
Nxd5 exd5 28. Qxd5+ Kh8 29. Qxc4 Rxa4 30. Rxa4 Rxa4 31. Qc3 Ra8 32. Rc1 Rc8 33.
Qb4 Qb6 34. Rc4 Kh7 35. Kh1 Nd3 36. Qc3 Nxf2+ 37. Kg1 Rxc4 38. Qxc4 Qxe3 39.
Qf7 Ng4+ 0-1

[Event "Rheinhausen- Langenfeld 2"]
[Site "?"]
[Date "2023.04.23"]
[Round "7.4"]
[White "Jentzsch, David"]
[Black "Reuter, Michael"]
[Result "0-1"]
[WhiteElo "1972"]
[BlackElo "2044"]
[PlyCount "44"]
[SourceVersionDate "2023.06.22"]

1. d4 d5 2. c4 e5 3. dxe5 d4 4. Nf3 Nc6 5. g3 Be6 6. Nbd2 Qd7 7. Bg2 Bh3 8.
Bxh3 Qxh3 9. Qa4 O-O-O 10. Nb3 d3 11. Bd2 Qf5 12. Kf1 dxe2+ 13. Kg2 Qe4 14. Bc3
Rd3 15. Nbd2 Rxd2 16. Bxd2 Nge7 17. Rac1 Nf5 18. h3 Nfd4 19. Rc3 Nxf3 20. Rxf3
Bc5 21. Bc3 Rd8 22. Qb5 b6 0-1

[Event "Rheinhausen- Langenfeld 2"]
[Site "?"]
[Date "2023.04.23"]
[Round "7.5"]
[White "Hess, Christian"]
[Black "Feldhaus, Sebastian"]
[Result "1/2-1/2"]
[WhiteElo "2147"]
[BlackElo "2061"]
[Annotator "daniel"]
[PlyCount "81"]
[SourceVersionDate "2023.06.22"]

1. e4 c5 2. Nf3 Nc6 3. d4 cxd4 4. Nxd4 Nf6 5. Nc3 e5 6. Ndb5 d6 7. Bg5 a6 8.
Na3 b5 9. Nd5 Be7 10. Bxf6 Bxf6 11. c3 Bg5 12. Nc2 O-O 13. Bd3 Be6 14. h4 Bh6
15. Qh5 f6 16. Nce3 Ne7 17. Qf3 Bxe3 18. Nxe3 Qd7 19. O-O Qb7 20. Rfd1 Rad8 21.
Bc2 Kh8 22. Bb3 Qc8 23. Rd2 $11 f5 24. Bxe6 Qxe6 25. exf5 Nxf5 26. Nxf5 Rxf5
27. Qg4 d5 28. a4 Rdf8 29. axb5 axb5 30. Ra7 Qf6 31. Rxd5 Rf4 32. Qg5 Qxg5 33.
hxg5 Rxf2 34. Rxb5 e4 35. Re7 Re2 36. Rbb7 e3 37. Rxg7 Rff2 38. Rxh7+ Kg8 39.
Rhg7+ Kf8 40. Rh7 Kg8 41. Rhg7+ 1/2-1/2

[Event "Rheinhausen- Langenfeld 2"]
[Site "?"]
[Date "2023.04.23"]
[Round "7.6"]
[White "Mohrholz, Stefan"]
[Black "Hendrichs, Udo"]
[Result "1/2-1/2"]
[WhiteElo "2016"]
[BlackElo "1995"]
[PlyCount "53"]
[SourceVersionDate "2023.06.22"]

1. c4 e6 2. Nf3 d5 3. d4 f5 4. g3 Nf6 5. Bg2 c6 6. O-O Bd6 7. b3 O-O 8. Bb2
Nbd7 9. Nbd2 Qe8 10. Ne5 Qh5 11. e3 Qh6 12. h3 Ne4 13. Qc2 Ndf6 14. Nxe4 Nxe4
15. a4 Ng5 16. h4 Nf7 17. Ba3 Bxa3 18. Rxa3 g5 19. Nxf7 Rxf7 20. hxg5 Qxg5 21.
Bf3 Rg7 22. Kg2 Bd7 23. Rh1 Rf8 24. Rh5 Qe7 25. Ra1 Be8 26. Rh6 Bg6 27. Qd2
1/2-1/2

[Event "Rheinhausen- Langenfeld 2"]
[Site "?"]
[Date "2023.04.23"]
[Round "7.7"]
[White "Buettner, Ulrich"]
[Black "Sobeck, Oscar"]
[Result "1/2-1/2"]
[WhiteElo "1935"]
[BlackElo "1820"]
[PlyCount "60"]
[SourceVersionDate "2023.06.22"]

1. e4 e6 2. d4 d5 3. Nd2 Nc6 4. Ngf3 Nf6 5. e5 Nd7 6. Bd3 Nb4 7. Be2 c5 8. c3
Nc6 9. O-O Be7 10. Re1 O-O 11. Nf1 f6 12. exf6 Bxf6 13. Bb5 Re8 14. Ng3 e5 15.
Bxc6 bxc6 16. dxe5 Nxe5 17. Nxe5 Bxe5 18. Bd2 Bd7 19. Qh5 Qf6 20. Bg5 Qf7 21.
Qxf7+ Kxf7 22. Nf1 Rab8 23. Rxe5 Rxe5 24. Bf4 Ree8 25. Bxb8 Rxb8 26. b3 Re8 27.
Rd1 Re2 28. Rd2 Re1 29. f3 Bf5 30. Kf2 Rc1 1/2-1/2

[Event "Münster 3- Duisburg"]
[Site "?"]
[Date "2023.04.23"]
[Round "7.1"]
[White "Heisel, Guido"]
[Black "Korth, Daniel"]
[Result "0-1"]
[WhiteElo "2119"]
[BlackElo "2150"]
[PlyCount "96"]
[SourceVersionDate "2023.06.22"]

1. d4 d5 2. Bf4 Nf6 3. e3 c5 4. Nc3 cxd4 5. exd4 a6 6. Nf3 Bg4 7. Be2 e6 8. Ne5
Bxe2 9. Nxe2 Nbd7 10. O-O Be7 11. Qd3 O-O 12. a4 Nxe5 13. Bxe5 Nd7 14. b3 Nxe5
15. dxe5 Qc7 16. f4 Rac8 17. Ra2 Bb4 18. Rf3 Qb8 19. Rh3 g6 20. Kh1 Rc6 21. c3
Be7 22. Nd4 Rc5 23. Rc2 Rfc8 24. Qe3 Bf8 25. Qe1 Qc7 26. g4 Bg7 27. g5 Qd7 28.
Qh4 b5 29. axb5 axb5 30. Qxh7+ Kf8 31. b4 Rc4 32. Rd3 Qa7 33. Qh4 Qa1+ 34. Kg2
Rxc3 35. Rdxc3 Rxc3 36. Qf2 Rxc2 37. Nxc2 Qb2 38. Kf3 Qc3+ 39. Kg4 Kg8 40. Qc5
Qd2 41. Kf3 Bf8 42. Qc6 Qxh2 43. Ne3 Qh1+ 44. Kf2 Qe4 45. Ng2 Qxb4 46. Kg3 Qc4
47. Qb7 b4 48. f5 Qd3+ 0-1

[Event "Münster 3- Duisburg"]
[Site "?"]
[Date "2023.04.23"]
[Round "7.2"]
[White "Molinaroli, Martin"]
[Black "Hehlke, Oliver"]
[Result "1-0"]
[WhiteElo "2094"]
[BlackElo "1951"]
[PlyCount "59"]
[SourceVersionDate "2023.06.22"]

1. Nf3 Nf6 2. b3 g6 3. Bb2 Bg7 4. c4 b6 5. g3 Bb7 6. Bg2 O-O 7. d4 a5 8. Nc3
Ne4 9. O-O Na6 10. Rc1 Nxc3 11. Bxc3 Be4 12. d5 c5 13. Bxg7 Kxg7 14. Qd2 e6 15.
dxe6 dxe6 16. Qe3 Bc6 17. Rfd1 Qf6 18. Ne5 Bxg2 19. Nd7 Qe7 20. Nxf8 Bc6 21.
Qe5+ Kg8 22. Qd6 Qe8 23. Nd7 Bxd7 24. Qxd7 Qb8 25. a3 Kg7 26. Rd3 Ra7 27. Qd6
Qb7 28. Qe5+ Kh6 29. g4 Qe7 30. Rh3+ 1-0

[Event "Münster 3- Duisburg"]
[Site "?"]
[Date "2023.04.23"]
[Round "7.3"]
[White "Sirringhaus, Wilfried"]
[Black "Mueschenich, Stefan"]
[Result "0-1"]
[WhiteElo "2127"]
[BlackElo "2142"]
[PlyCount "82"]
[SourceVersionDate "2023.06.22"]

1. e4 Nf6 2. Nc3 d5 3. exd5 Nxd5 4. Bc4 Nb6 5. Bb3 c5 6. d3 Nc6 7. Nf3 Bf5 8.
O-O e6 9. Re1 Be7 10. Bf4 O-O 11. Ne2 Bf6 12. Rb1 Bg4 13. Ng3 Nd4 14. Ne4 Bxf3
15. gxf3 Be7 16. Be5 Nc6 17. Bg3 Nd5 18. c3 f5 19. f4 fxe4 20. f5 exd3 21. Qxd3
Kh8 22. fxe6 Nb6 23. Qe4 Qe8 24. Bc2 Qh5 25. Rbd1 Rad8 26. f4 Rxd1 27. Bxd1 Qd5
28. Bc2 Qxe4 29. Bxe4 g6 30. a4 Nc4 31. Bd5 Nd6 32. Rd1 Rd8 33. Bxc6 bxc6 34.
Bf2 Ne4 35. Rxd8+ Bxd8 36. Be3 Kg7 37. Kg2 Kf6 38. Kf3 Kf5 39. a5 a6 40. c4 Be7
41. b3 Nf6 0-1

[Event "Münster 3- Duisburg"]
[Site "?"]
[Date "2023.04.23"]
[Round "7.4"]
[White "Baumann, Stephan"]
[Black "Große- Frintrop, Gerd"]
[Result "1-0"]
[WhiteElo "2056"]
[BlackElo "2066"]
[PlyCount "67"]
[SourceVersionDate "2023.06.22"]

1. e4 e6 2. b3 d5 3. Bb2 Nf6 4. e5 Nfd7 5. Qg4 Nc6 6. f4 Ne7 7. Nf3 a6 8. Nc3
b6 9. Be2 Bb7 10. O-O Nf5 11. Nd1 Bc5+ 12. d4 Be7 13. Bd3 g6 14. Qh3 c5 15. c3
Qc7 16. g4 Ng7 17. Ng5 Bxg5 18. fxg5 O-O 19. Qg3 Bc6 20. Nf2 Bb5 21. Rac1 Qd8
22. Qe3 Qe7 23. c4 dxc4 24. bxc4 Bc6 25. Be4 Bxe4 26. Nxe4 Rab8 27. Nf6+ Kh8
28. Qh3 h5 29. gxh5 Nxh5 30. Nxh5 gxh5 31. Qxh5+ Kg8 32. Rf6 Kg7 33. Qh6+ Kg8
34. Rc3 1-0

[Event "Münster 3- Duisburg"]
[Site "?"]
[Date "2023.04.23"]
[Round "7.5"]
[White "Brueggemann, Josef"]
[Black "Kaufhold, Thomas"]
[Result "1/2-1/2"]
[WhiteElo "2015"]
[BlackElo "2049"]
[PlyCount "97"]
[SourceVersionDate "2023.06.22"]

1. e4 e6 2. d4 d5 3. exd5 exd5 4. Bd3 Nc6 5. Ne2 Bd6 6. Nbc3 Nb4 7. Bf4 Ne7 8.
Bb5+ c6 9. Ba4 Bf5 10. Qd2 Bxf4 11. Nxf4 Qd6 12. O-O-O a5 13. a3 O-O 14. Rde1
b5 15. Bb3 a4 16. Bxa4 bxa4 17. axb4 Qxb4 18. Nb1 Qd6 19. Qe3 Ng6 20. Nd3 Bxd3
21. Qxd3 Rfb8 22. g3 Rb6 23. Re2 Rab8 24. c4 dxc4 25. Qxc4 Rb4 26. Qc5 Qf6 27.
Rhe1 h6 28. Re8+ Kh7 29. Rxb8 Rxb8 30. f4 Rb5 31. Qa7 Rb4 32. Rd1 Ne7 33. Nc3
Nd5 34. Qc5 Nxc3 35. Qxc3 Qd6 36. Qd3+ g6 37. f5 Qd5 38. fxg6+ fxg6 39. Qd2 Qb3
40. Qe2 Rb7 41. Qc2 Qa2 42. Rd3 Rb4 43. Rc3 Rxd4 44. Qe2 Rd7 45. Ra3 Qd5 46.
Rxa4 h5 47. Re4 Qg5+ 48. Qe3 Qf6 49. Qe2 1/2-1/2

[Event "Münster 3- Duisburg"]
[Site "?"]
[Date "2023.04.23"]
[Round "7.7"]
[White "Usdenski, Andreas"]
[Black "Meyer, Ulrich"]
[Result "0-1"]
[WhiteElo "1712"]
[BlackElo "1851"]
[PlyCount "94"]
[SourceVersionDate "2023.06.22"]

1. e4 c5 2. c3 Nf6 3. e5 Nd5 4. Bc4 Nb6 5. Bb3 d5 6. d4 cxd4 7. cxd4 Bf5 8. Nc3
e6 9. Nge2 Be7 10. O-O Nc6 11. Ng3 Bg6 12. Be3 O-O 13. Qe2 Rc8 14. f4 Na5 15.
f5 exf5 16. Nxf5 Bb4 17. Rac1 Qd7 18. g4 Nac4 19. Bxc4 Nxc4 20. a3 Be7 21. Nxd5
Bxf5 22. Nxe7+ Qxe7 23. gxf5 Nxe3 24. Qxe3 Rxc1 25. Rxc1 Rd8 26. Rd1 Qh4 27.
Qd3 Qf4 28. b4 h5 29. Kh1 b5 30. f6 g6 31. Qd2 Qe4+ 32. Kg1 Kh7 33. Qd3 Qf4 34.
Qd2 Qe4 35. Qd3 Qf4 36. Kh1 h4 37. Rf1 Qg4 38. Qe3 h3 39. Qf2 Rxd4 40. Re1 Rd1
41. Rf1 Kg8 42. e6 Rxf1+ 43. Qxf1 Qxe6 44. Kg1 Qg4+ 45. Kh1 a6 46. a4 Qg2+ 47.
Qxg2 hxg2+ 0-1

[Event "Münster 3- Duisburg"]
[Site "?"]
[Date "2023.04.23"]
[Round "7.8"]
[White "Wingenfeld, Klaus"]
[Black "Vortmeier, Jan"]
[Result "1/2-1/2"]
[WhiteElo "1834"]
[BlackElo "1823"]
[PlyCount "198"]
[SourceVersionDate "2023.06.22"]

1. d4 Nf6 2. Bf4 g6 3. Nc3 c5 4. e3 Bg7 5. h4 h5 6. Nf3 O-O 7. Be2 d5 8. Nb5
Ne4 9. Bh2 Qa5+ 10. c3 Na6 11. O-O c4 12. a4 Bd7 13. b4 Qb6 14. Qc2 Rac8 15.
Ne5 Bf5 16. Qc1 f6 17. Nf3 Bd7 18. Qb2 Bxb5 19. axb5 Nc7 20. Bxc7 Rxc7 21. Ra5
Nd6 22. Qc2 Nxb5 23. Rc1 f5 24. Ng5 a6 25. Qd1 Bf6 26. f4 Bxg5 27. hxg5 Qe6 28.
Kf2 Kg7 29. Bf3 Rd7 30. Qd2 Qc6 31. Rca1 Rh8 32. Rh1 Rd6 33. Raa1 Re6 34. Rh4
Nd6 35. Ra5 Nb5 36. Rh1 Rd6 37. Rha1 Rdd8 38. Rh1 Ra8 39. Rha1 e6 40. Ke2 Ra7
41. Qc2 Rha8 42. Kd2 Nd6 43. Qb1 b6 44. R5a4 a5 45. R1a2 Qd7 46. Qa1 Nb7 47.
Qh1 Ra6 48. Qa1 Qb5 49. Bd1 Nd6 50. Bc2 Qc6 51. bxa5 b5 52. R4a3 Qc7 53. Ke2
Nb7 54. Qb2 Rxa5 55. Qb4 Rxa3 56. Rxa3 Rxa3 57. Qxa3 Nd8 58. Qb4 Qd7 59. Qc5
Kf7 60. Kd2 Qb7 61. g3 Nc6 62. Kc1 b4 63. cxb4 Nxb4 64. Kd2 Nxc2 65. Kxc2 Qb3+
66. Kd2 Qd3+ 67. Kc1 Qxe3+ 68. Kd1 Qd3+ 69. Kc1 Qe3+ 70. Kd1 Qb3+ 71. Kd2 Qb8
72. Kc3 Ke8 73. Qc6+ Ke7 74. Qc5+ Kd7 75. Qa3 Qb6 76. Qa4+ Kc7 77. Qa3 Kc6 78.
Qa4+ Kc7 79. Qa3 Kd7 80. Qa4+ Qc6 81. Qa7+ Qc7 82. Qa4+ Ke7 83. Qa3+ Kf7 84.
Qa8 Qb6 85. Qa3 Qb8 86. Qa4 Qc7 87. Qa6 Qb8 88. Qa3 Qb1 89. Qa7+ Ke8 90. Qa8+
Kd7 91. Qa7+ Kc8 92. Qa8+ Kc7 93. Qa7+ Qb7 94. Qc5+ Kd7 95. Qa3 Kc6 96. Qa4+
Qb5 97. Qa8+ Kb6 98. Qb8+ Kc6 99. Qc8+ Kd6 1/2-1/2

[Event "Erkenschwick 2- Wattenscheid 2"]
[Site "?"]
[Date "2023.04.23"]
[Round "7.1"]
[White "Schroeder, Wilfried"]
[Black "Sprietersbach, Kai"]
[Result "0-1"]
[WhiteElo "2190"]
[BlackElo "2230"]
[PlyCount "80"]
[SourceVersionDate "2023.06.22"]

1. d4 Nf6 2. c4 e6 3. Nf3 a6 4. Nc3 d5 5. Bg5 dxc4 6. e4 b5 7. e5 h6 8. Bh4 g5
9. Nxg5 hxg5 10. Bxg5 Nbd7 11. Be2 Bh6 12. Bxh6 Rxh6 13. exf6 Nxf6 14. Bf3 Nd5
15. Qd2 Rh8 16. Nxd5 exd5 17. O-O-O Qd6 18. Rde1+ Be6 19. Qg5 Kd7 20. Qe5 Qxe5
21. Rxe5 Kd6 22. Rh5 Rxh5 23. Bxh5 c5 24. dxc5+ Kxc5 25. Bf3 Re8 26. h4 d4 27.
h5 Bf5 28. g4 Bh7 29. g5 b4 30. Rg1 Re5 31. g6 fxg6 32. hxg6 Bg8 33. Rh1 c3 34.
b3 d3 35. Rh5 Rxh5 36. Bxh5 Kd4 37. Bf3 Ke5 38. Bg2 a5 39. Bf1 d2+ 40. Kc2 Kf6
0-1

[Event "Erkenschwick 2- Wattenscheid 2"]
[Site "?"]
[Date "2023.04.23"]
[Round "7.2"]
[White "Homs, Guust"]
[Black "Peter, Thomas"]
[Result "1-0"]
[WhiteElo "2160"]
[BlackElo "2210"]
[PlyCount "101"]
[SourceVersionDate "2023.06.22"]

1. e4 e6 2. d4 d5 3. Nd2 c5 4. exd5 exd5 5. Ngf3 Nf6 6. Bb5+ Bd7 7. Bxd7+ Nbxd7
8. O-O Be7 9. dxc5 Nxc5 10. Nd4 O-O 11. Nf5 Re8 12. Nxe7+ Rxe7 13. Nf3 Qd7 14.
Be3 b6 15. Bd4 Nfe4 16. Be3 Rf8 17. Nd4 f5 18. Ne2 Ne6 19. f3 N4c5 20. Qd2 Rd8
21. Rad1 Qe8 22. Ng3 Qf7 23. Bg5 Nxg5 24. Qxg5 Qf6 25. Qxf6 gxf6 26. Nxf5 Red7
27. c3 Re8 28. Rd2 Re5 29. Nd4 Kf7 30. Rfd1 Re8 31. Kf2 Kg6 32. Ne2 Na4 33.
Nf4+ Kf7 34. Ne2 Rde7 35. Nd4 Rd7 36. Re1 Rxe1 37. Kxe1 a6 38. Kd1 b5 39. Kc2
Nc5 40. Nc6 Rd6 41. Nb4 Ke6 42. Nd3 Nxd3 43. Kxd3 Rd7 44. Re2+ Kd6 45. Re8 Rg7
46. g3 Rg6 47. Ra8 Rh6 48. Rxa6+ Kc7 49. h4 Rg6 50. g4 h5 51. g5 1-0

[Event "Erkenschwick 2- Wattenscheid 2"]
[Site "?"]
[Date "2023.04.23"]
[Round "7.3"]
[White "Schlehoefer, Ralf"]
[Black "Krings, Christoph"]
[Result "1/2-1/2"]
[WhiteElo "2189"]
[BlackElo "2170"]
[PlyCount "46"]
[SourceVersionDate "2023.06.22"]

1. d4 e6 2. c4 f5 3. e3 Nf6 4. Bd3 d5 5. Ne2 Bd6 6. Qc2 c6 7. f3 O-O 8. Nbc3
Kh8 9. Bd2 dxc4 10. Bxc4 Qe7 11. O-O-O b5 12. Bd3 b4 13. Na4 Ba6 14. Bxa6 Nxa6
15. Qc4 Nc7 16. Kb1 Ncd5 17. Nc1 Rfc8 18. Nd3 Rab8 19. Nac5 e5 20. e4 fxe4 21.
fxe4 Nb6 22. Qc2 Nbd7 23. Bg5 Bxc5 1/2-1/2

[Event "Erkenschwick 2- Wattenscheid 2"]
[Site "?"]
[Date "2023.04.23"]
[Round "7.4"]
[White "Trzaska, Peter"]
[Black "Lang, Daniel"]
[Result "1/2-1/2"]
[WhiteElo "2088"]
[BlackElo "2124"]
[Annotator "daniel"]
[PlyCount "107"]
[SourceVersionDate "2023.06.22"]

1. e4 e6 2. d4 d5 3. Bd3 Nf6 4. e5 Nfd7 5. c3 c5 6. Nf3 Nc6 7. O-O Be7 8. Re1
Qb6 9. dxc5 Nxc5 10. Bc2 a5 11. a4 O-O 12. Na3 f6 13. exf6 Rxf6 14. Nb5 Bd7 15.
Bd3 Raf8 16. Rb1 $11 Qd8 17. Ng5 Rh6 18. Nxh7 Rxh7 19. Bxh7+ Kxh7 20. c4 Nb4
21. cxd5 Ncd3 22. d6 Bf6 23. Qh5+ Kg8 24. Re2 Be5 25. Bg5 Rf5 26. Bxd8 Rxh5 27.
h4 Bxb5 28. axb5 Bxd6 29. Bg5 Kf7 30. Rd1 Bc5 31. Red2 Ne5 32. Rd7+ Nxd7 33.
Rxd7+ Kg6 34. Rxb7 Nd3 35. Kf1 Rh8 36. Rc7 Bd4 37. Rc6 Rb8 38. Rd6 Bxb2 39.
Rxd3 a4 40. Be7 Rxb5 41. Ke2 Rb3 42. Rxb3 axb3 43. Kd3 Bd4 44. f3 Kf5 45. Bd6
e5 46. g3 g6 47. Ba3 Ba1 48. Kd2 e4 49. fxe4+ Kxe4 50. g4 Bg7 51. h5 g5 52. Kc1
Kf4 53. Bb2 Bf8 54. Bf6 1/2-1/2

[Event "Erkenschwick 2- Wattenscheid 2"]
[Site "?"]
[Date "2023.04.23"]
[Round "7.5"]
[White "Gohla, Ulf"]
[Black "Jungbluth, Rolf"]
[Result "1-0"]
[WhiteElo "2074"]
[BlackElo "2079"]
[PlyCount "85"]
[SourceVersionDate "2023.06.22"]

1. d4 d5 2. c4 e6 3. Nc3 Nf6 4. cxd5 exd5 5. Bg5 Be7 6. Qc2 c6 7. e3 O-O 8. Bd3
Nbd7 9. Nge2 Re8 10. h3 Nf8 11. g4 Qa5 12. O-O-O b5 13. Kb1 Bd7 14. Ng3 Rab8
15. Qd2 Qb6 16. Rdg1 Bd8 17. Bf4 Rc8 18. g5 Ne4 19. Ncxe4 dxe4 20. Nxe4 c5 21.
dxc5 Rxc5 22. Nxc5 Qxc5 23. Rc1 Qb6 24. h4 Be6 25. Qb4 a6 26. h5 Be7 27. Qd2
Qb7 28. e4 b4 29. Qe2 Qb6 30. Be3 Qa5 31. b3 f6 32. f4 fxg5 33. fxg5 Rd8 34.
Rc6 Qe5 35. Rf1 Kh8 36. Bf4 Qd4 37. Bc4 Bc8 38. Qe3 Qxe3 39. Bxe3 Bb7 40. Rc7
Bxe4+ 41. Kc1 Bd6 42. Rxg7 Nd7 43. Rxd7 1-0

[Event "Erkenschwick 2- Wattenscheid 2"]
[Site "?"]
[Date "2023.04.23"]
[Round "7.6"]
[White "Schulze Bisping, Franz"]
[Black "Schlange, Stefan"]
[Result "1/2-1/2"]
[WhiteElo "1854"]
[BlackElo "2179"]
[PlyCount "127"]
[SourceVersionDate "2023.06.22"]

1. d4 d5 2. c4 c6 3. cxd5 cxd5 4. Nc3 Nf6 5. Bf4 a6 6. e3 g6 7. Bd3 Bg7 8. h3
O-O 9. Nf3 Nc6 10. O-O b5 11. Rc1 Bb7 12. Qe2 Rc8 13. Ne5 Nd7 14. Nxc6 Rxc6 15.
Nb1 Qb6 16. Nd2 Rfc8 17. Nb3 Rxc1 18. Rxc1 Rxc1+ 19. Nxc1 f6 20. Bg3 e5 21. Nb3
Qc7 22. Qc2 Qxc2 23. Bxc2 Kf7 24. f3 Ke6 25. Kf1 Bf8 26. Nc1 Nb8 27. Bb3 Nc6
28. dxe5 Nxe5 29. Ke2 Nc4 30. Nd3 Bc6 31. Bc2 b4 32. Nf4+ Kd7 33. b3 Ne5 34.
Kd2 a5 35. Ne2 Bb5 36. Bf2 Bh6 37. f4 Bxe2 38. Kxe2 Nc6 39. Kf3 f5 40. g4 Ke6
41. h4 Bg7 42. h5 Ne7 43. hxg6 hxg6 44. Bh4 Bf6 45. Bf2 Nc8 46. gxf5+ gxf5 47.
Bd3 Nd6 48. Kg3 d4 49. Kf3 Kd5 50. Ba6 Bd8 51. Bd3 Bb6 52. Ba6 dxe3 53. Bxe3
Bd4 54. Bd3 Kc5 55. Ba6 Kd5 56. Bd3 Kc5 57. Ba6 Ne4 58. Bc8 Nc3 59. Bxf5 Nxa2
60. Be6 Nc3 61. f5 Nb5 62. Bg8 Kd6 63. Bxd4 Nxd4+ 64. Ke4 1/2-1/2

[Event "Erkenschwick 2- Wattenscheid 2"]
[Site "?"]
[Date "2023.04.23"]
[Round "7.7"]
[White "Schmedders, Hans- Gerd"]
[Black "Strohmann, Marcel"]
[Result "1-0"]
[WhiteElo "2155"]
[BlackElo "1849"]
[PlyCount "55"]
[SourceVersionDate "2023.06.22"]

1. d4 Nf6 2. Bg5 Ne4 3. h4 c5 4. d5 d6 5. Nd2 Qa5 6. c3 Nxd2 7. Qxd2 Nd7 8. e4
h6 9. Bf4 g6 10. Nf3 Bg7 11. Bd3 Rb8 12. O-O b5 13. a3 Qc7 14. Rac1 Ne5 15.
Nxe5 dxe5 16. Be3 f5 17. f4 c4 18. Bc2 O-O 19. fxe5 Bxe5 20. Bxh6 Rf7 21. exf5
Bxf5 22. Bxf5 gxf5 23. Rce1 Rd8 24. Kh1 f4 25. Qe2 Rxd5 26. Qg4+ Bg7 27. Bxg7
Rxg7 28. Qe6+ 1-0

[Event "Erkenschwick 2- Wattenscheid 2"]
[Site "?"]
[Date "2023.04.23"]
[Round "7.8"]
[White "Al Marawi, Abdulhadi"]
[Black "Klueting, Reiner"]
[Result "0-1"]
[WhiteElo "2011"]
[BlackElo "1906"]
[Annotator "daniel"]
[PlyCount "90"]
[SourceVersionDate "2023.06.22"]

1. Nf3 d5 2. d4 Nf6 3. c4 e6 4. Nc3 Be7 5. Bf4 O-O 6. e3 b6 7. Bd3 Bb7 8. cxd5
exd5 9. Qc2 Na6 10. a3 c5 11. Qe2 c4 12. Bf5 Nc7 13. Ng5 Bc8 14. Bc2 Bd6 15.
Bg3 h6 $11 16. Nf3 Bxg3 17. hxg3 Bg4 18. Qd2 Bxf3 19. gxf3 b5 20. g4 a5 21. Qe2
b4 22. Na4 Ne6 23. f4 Nxd4 24. Qd1 Nxc2+ 25. Qxc2 Nxg4 26. Qf5 Nf6 27. Rg1 Qd6
28. Nc5 Kh8 29. Ke2 Qxc5 30. Rxg7 Qd6 31. Rag1 Qe6 32. Qxe6 fxe6 33. R7g6 Ra7
34. Rxh6+ Rh7 35. Rhg6 Rg8 36. Rxg8+ Nxg8 37. Rg6 Rh6 38. Rg5 Ne7 39. e4 Rg6
40. Re5 Kg7 41. f5 Nc6 42. Rxe6 Rxe6 43. fxe6 dxe4 44. Ke3 c3 45. bxc3 bxa3 0-1

[Event "Horst Emscher- Dinslaken"]
[Site "?"]
[Date "2023.04.23"]
[Round "7.1"]
[White "Sielecki, Christof"]
[Black "Baerwolf, Steven"]
[Result "1-0"]
[WhiteElo "2419"]
[BlackElo "2205"]
[PlyCount "49"]
[SourceVersionDate "2023.06.22"]

1. e4 d6 2. d4 Nf6 3. Nc3 e5 4. Nf3 Nbd7 5. Rg1 Be7 6. g4 O-O 7. g5 Nh5 8. Be3
c6 9. Qd2 b5 10. a3 Bb7 11. O-O-O g6 12. dxe5 Nxe5 13. Nxe5 dxe5 14. Qd7 Ba6
15. Qxc6 Qa5 16. Nd5 Bxa3 17. Qc7 Qa4 18. bxa3 Rfc8 19. Ne7+ Kf8 20. Nxc8 Qxa3+
21. Kd2 Rxc8 22. Qxe5 Qa5+ 23. Kc1 Rc3 24. Qd6+ Ke8 25. Qd7+ 1-0

[Event "Horst Emscher- Dinslaken"]
[Site "?"]
[Date "2023.04.23"]
[Round "7.2"]
[White "Rebentisch, Tom"]
[Black "Sonnenschein, Philipp"]
[Result "0-1"]
[WhiteElo "2140"]
[BlackElo "2201"]
[PlyCount "128"]
[SourceVersionDate "2023.06.22"]

1. e4 c6 2. d4 d5 3. Nc3 dxe4 4. Nxe4 Nf6 5. Nxf6+ exf6 6. c3 Bd6 7. Bd3 O-O 8.
Qc2 h5 9. Ne2 Re8 10. O-O Nd7 11. h3 Nf8 12. Be3 h4 13. c4 Bc7 14. Rfe1 Qd6 15.
Bf4 Rxe2 16. Bxd6 Rxc2 17. Bxc7 Rd2 18. Re3 Be6 19. Ba5 Rxd3 20. Rxd3 Bxc4 21.
Re3 Ne6 22. b3 Bd5 23. Rd1 g6 24. f3 Kg7 25. Kf2 Rh8 26. Be1 g5 27. Re2 Rd8 28.
Rb2 Nf4 29. a4 f5 30. Kf1 Kg6 31. Bf2 Rh8 32. Be3 Nh5 33. Re1 Ng7 34. Kg1 Ne6
35. b4 a6 36. b5 axb5 37. axb5 Ra8 38. Rbb1 Ra2 39. bxc6 bxc6 40. Rb8 g4 41.
hxg4 fxg4 42. Rh8 h3 43. Rh6+ Kg7 44. gxh3 gxf3 45. Rc1 Nxd4 46. Bxd4+ Kxh6 47.
Bf2 Kg5 48. Kf1 Kf4 49. Kg1 Be4 50. Rc3 Ra1+ 51. Kh2 Ra2 52. Kg1 Ra1+ 53. Kh2
Rf1 54. Be3+ Ke5 55. Kg3 Ra1 56. Kf2 Ra2+ 57. Kg1 Rg2+ 58. Kf1 Rh2 59. Bf2 Rh1+
60. Bg1 f5 61. Rc5+ Kf4 62. Kf2 Rxg1 63. Kxg1 Ke3 64. Rc3+ Ke2 0-1

[Event "Horst Emscher- Dinslaken"]
[Site "?"]
[Date "2023.04.23"]
[Round "7.3"]
[White "Mundorf, Johannes"]
[Black "De Roda Husman, Juan"]
[Result "1-0"]
[WhiteElo "2293"]
[BlackElo "2237"]
[PlyCount "91"]
[SourceVersionDate "2023.06.22"]

1. Nf3 g6 2. d4 Bg7 3. g3 d6 4. Bg2 Nd7 5. b3 Ngf6 6. Bb2 O-O 7. O-O e5 8. dxe5
Ng4 9. Qd2 Ndxe5 10. c4 Nxf3+ 11. Bxf3 Bxb2 12. Qxb2 Ne5 13. Bg2 Qe7 14. Nc3 c6
15. h3 f6 16. Rad1 Kg7 17. f4 Nf7 18. g4 h6 19. Ne4 Bd7 20. Qd4 c5 21. Nxc5
Bxg4 22. Nxb7 Bf5 23. Nxd6 Nxd6 24. Qxd6 Qe3+ 25. Rf2 Rae8 26. Qd4 Qe7 27. h4
h5 28. Qd6 Qe3 29. Qd4 Qe7 30. Qc3 Bg4 31. Rc1 Bxe2 32. c5 Bg4 33. c6 Qc7 34.
Re1 Qb6 35. Rc1 Re2 36. Rcf1 Rfe8 37. b4 Rxf2 38. Rxf2 Re2 39. Qc5 Qxc5 40.
bxc5 Rxf2 41. Kxf2 Bc8 42. Ke3 Kf7 43. Kd4 Ke7 44. Be4 f5 45. Bd5 Kf6 46. Bc4
1-0